| 000 | 00578nam a22002177a 4500 | ||
|---|---|---|---|
| 003 | OSt | ||
| 005 | 20140310181931.0 | ||
| 008 | 130722t xxu||||| |||| 00| 0 eng d | ||
| 020 | _a0825825393 | ||
| 050 |
_aM 1003 _b.M989 1996 |
||
| 082 |
_aTR 784.8186 _bM97 1996 |
||
| 100 |
_aMussorgsky _92755 |
||
| 245 |
_aPictures at an exibition. / _cMussorgsky. |
||
| 260 |
_aU.S.A : _bHal leonard corporation, _cc1996. |
||
| 300 |
_a65 p. : _c28 cm. |
||
| 521 | _aFaculty | ||
| 541 | _j1 | ||
| 562 | _e1 | ||
| 650 |
_aOrchestral music _92655 |
||
| 942 |
_2lcc _cBK-TR _kTR |
||
| 999 |
_c7375 _d7375 |
||